[Event "Niedersachsen-ch op C"]
[Site "Verden"]
[Date "2018.01.05"]
[Round "3"]
[White "Glander, Flurina"]
[Black "Hintze, Ana"]
[Result "0-1"]
[WhiteElo "765"]
[BlackElo "945"]
[PlyCount "92"]
[EventDate "2018.01.04"]
[EventType "swiss"]
[EventRounds "7"]
[EventCountry "GER"]
[SourceTitle "EXT 2022"]
[Source "ChessBase"]
[SourceDate "2021.10.06"]
[SourceVersion "1"]
[SourceVersionDate "2021.10.06"]
[SourceQuality "1"]

1. e4 e5 2. Nf3 Nc6 3. Bc4 d6 4. Nc3 Be7 5. 0-0 h6 6. d3 Nf6 7. Be3 0-0 8. Qe2 Bd7 9. Rfd1 Bg4 10. h3 Bh5 11. d4 Na5 12. Bb3 Nxb3 13. axb3 Qc8 14. dxe5 dxe5 15. Bxa7 b6 16. Qd3 Rd8 17. Qe3 Bc5 18. Qe1 Qb7 19. Rdc1 Bxf3 20. gxf3 Rxa7 21. Qf1 Ra5 22. Na2 Nh5 23. b4 Ng3 24. Qe1 Qa6 25. bxa5 Ne2+ 26. Kh2 Nxc1 27. Nxc1 Be7 28. Nb3 Bh4 29. Qc3 Qe2 30. Kh1 Rd1+ 31. Rxd1 Qxd1+ 32. Kg2 bxa5 33. Qxa5 Qxc2 34. Qa3 Qxf2+ 35. Kh1 Qxf3+ 36. Kg1 Qxe4 37. Nd2 Qd4+ 38. Kg2 Qxd2+ 39. Kf3 Qf4+ 40. Ke2 Qg3 41. Kd2 e4 42. Qa8+ Kh7 43. Qxe4+ g6 44. Qh1 Bf6 45. Kc2 Qf2+ 46. Kb1 Qxb2# 0-1